[Event "Barcelona Escacs CC tt"]
[Site "Barcelona"]
[Date "2007.05.12"]
[Round "5"]
[White "Pacheco Bubi, Ivan"]
[Black "Vargas Drechsler, Carlos"]
[Result "1/2-1/2"]
[WhiteElo "1754"]
[BlackElo "1948"]
[PlyCount "97"]
[EventDate "2007.04.14"]
[EventType "team"]
[EventRounds "7"]
[EventCountry "ESP"]
[SourceTitle "EXT 2009"]
[Source "ChessBase"]
[SourceDate "2008.11.26"]
[SourceVersion "1"]
[SourceVersionDate "2008.11.26"]
[SourceQuality "1"]

1. Nf3 Nf6 2. d4 e6 3. g3 b6 4. Bg2 Bb7 5. 0-0 Be7 6. c4 0-0 7. Nc3 d5 8. cxd5 exd5 9. Bf4 a6 10. a3 Nbd7 11. Qc2 Rc8 12. Rac1 c5 13. Bg5 cxd4 14. Nxd4 Ne4 15. Bxe7 Qxe7 16. Qd3 Nxc3 17. Rxc3 Nc5 18. Qd2 Ne4 19. Bxe4 dxe4 20. Rfc1 Rc5 21. Rxc5 bxc5 22. Nf5 Qe5 23. Ne3 Qd4 24. Qc2 Rc8 25. Rd1 Qf6 26. Nd5 Qe6 27. Ne3 g6 28. Qc4 Qe5 29. Qc2 Qe7 30. Qc4 Qe5 31. Qc2 Bc6 32. Nc4 Qh5 33. Ne3 Kg7 34. Qc3+ Kg8 35. Rd2 Bb5 36. Qc2 Rf8 37. Qxe4 Bxe2 38. g4 Bxg4 39. Qxg4 Qe5 40. Qg3 Qe4 41. Qg2 Qe5 42. Qd5 Qc7 43. Rc2 Rd8 44. Qxc5 Qf4 45. Qc7 Rd1+ 46. Nxd1 Qg4+ 47. Kf1 Qxd1+ 48. Kg2 Qg4+ 49. Kf1 1/2-1/2